000 00841nam a22002777a 4500
001 BR7375004
003 BR-BrBNA
005 20230928084401.0
007 ta
008 230509b bl.||||| |||| 00| 0 por d
040 _aBR-BrBNA
_bpor
_cBiblioteca Nacional de Agricultura
041 _a(Por)
072 _aF22
_b/G514
090 _ F22 BR7375004
100 1 _aTourinho, L.C.N.
110 1 _aUniversidade Federal do Parana, Curitiba (Brasil). Escola de Agronomia e Veterinaria
_0Tese (Doutoramento)
_911081
245 1 _aBalanco hidrico pedologico [Parana; Brasil]
260 3 _aCuritiba, PR (Brasil):
_c1967.
300 _a52 p.
500 _aBibliography p. 49-52 (67 ref.); Summary (Por)
650 _aFisica do solo
650 _aBalanco hidrico
650 _aParana
909 _a202309
_bLucia
_c55
_dLucia Elande
942 _cBK
999 _c18585
_d18585